[Event "Klatovy op-B 29th"]
[Site "Klatovy"]
[Date "2023.07.03"]
[Round "3"]
[White "Trejbal, Jindrich1111"]
[Black "Martinek, Lukas"]
[Result "0-1"]
[WhiteElo "1267"]
[BlackElo "1524"]
[PlyCount "180"]
[EventDate "2023.07.01"]
[EventType "swiss"]
[EventRounds "9"]
[EventCountry "CZE"]
[SourceTitle "CBM 215 Extra"]
[Source "ChessBase"]
[SourceDate "2023.09.30"]
[SourceVersion "1"]
[SourceVersionDate "2023.09.30"]
[SourceQuality "1"]

1. e4 e5 2. Nf3 Nf6 3. Nc3 Nc6 4. d4 exd4 5. Nxd4 Bb4 6. Nxc6 Bxc3+ 7. bxc3 bxc6 8. Ba3 d6 9. Bd3 Qe7 10. 0-0 Qe5 11. Qd2 Ng4 12. f4 Qa5 13. Bb4 Qa4 14. Bc4 c5 15. Qd5 0-0 16. Qxa8 Be6 17. Qb7 Bxc4 18. Rf3 Be2 19. Rg3 cxb4 20. Qxb4 Qxc2 21. h3 Nf6 22. Qd4 c5 23. Qxf6 g6 24. f5 Qxe4 25. Re1 Qf4 26. Qg5 Qxg5 27. Rxg5 Bc4 28. Rg3 Rb8 29. fxg6 hxg6 30. Rf3 Be6 31. Rf2 a6 32. Rf4 c4 33. g4 Kg7 34. Rf2 Rb5 35. Rd1 d5 36. Rdd2 Ra5 37. Rb2 Ra3 38. Rbc2 Kg8 39. Kh2 Kg7 40. Kg3 Kh6 41. h4 Ra5 42. Kf4 Ra3 43. Rg2 Ra5 44. Ke5 Ra3 45. Kd6 Ra5 46. Rb2 Ra3 47. Rg3 Ra5 48. Ke7 Kg7 49. h5 g5 50. Kd6 Ra3 51. Ke5 Ra5 52. h6+ Kg6 53. h7 d4+ 54. Kxd4 Kxh7 55. Re2 Rd5+ 56. Ke4 Kg6 57. Rgg2 Rd3 58. Rgf2 f6 59. Rf5 Bxf5+ 60. gxf5+ Kh5 61. Rh2+ Kg4 62. Rh6 Rd6 63. Rh7 Kg3 64. Ke3 g4 65. Rh6 Kg2 66. Ke2 g3 67. Rg6 a5 68. Rh6 Kg1 69. Kf3 g2 70. Rg6 Kf1 71. Rxg2 Rd3+ 72. Ke4 Kxg2 73. a4 Kf2 74. Kf4 Ke2 75. Ke4 Kd2 76. Kf4 Kxc3 77. Ke4 Kb3 78. Kf4 Kxa4 79. Kg4 Kb3 80. Kf4 a4 81. Kg4 a3 82. Kh5 a2 83. Kg6 Rf3 84. Kxf6 Rxf5+ 85. Ke6 Rh5 86. Kf6 a1Q+ 87. Kg6 Rb5 88. Kf7 Qa6 89. Ke7 Rb7+ 90. Kd8 Qa8# 0-1

[Event "Klatovy op-B 29th"]
[Site "Klatovy"]
[Date "2023.07.02"]
[Round "2"]
[White "Martinek, Lukas"]
[Black "Fadrny, Jonas"]
[Result "0-1"]
[WhiteElo "1524"]
[BlackElo "1227"]
[PlyCount "64"]
[EventDate "2023.07.01"]
[EventType "swiss"]
[EventRounds "9"]
[EventCountry "CZE"]
[SourceTitle "CBM 215 Extra"]
[Source "ChessBase"]
[SourceDate "2023.09.30"]
[SourceVersion "1"]
[SourceVersionDate "2023.09.30"]
[SourceQuality "1"]

1. e4 e5 2. Nc3 Bc5 3. Bc4 Nf6 4. d3 Nc6 5. f4 Bxg1 6. Rxg1 d6 7. f5 Bd7 8. g4 h6 9. h4 Nh7 10. g5 Nd4 11. Qh5 Qe7 12. Nd5 Qf8 13. gxh6 Nf6 14. Nxf6+ gxf6 15. Bb3 Nxb3 16. axb3 a6 17. Rg7 0-0-0 18. Be3 Kb8 19. 0-0-0 Qxg7 20. hxg7 Rxh5 21. Rg1 Rg8 22. Rg4 Rh7 23. Rg1 Rgxg7 24. Rh1 Rg4 25. h5 Bxf5 26. exf5 Rg3 27. Kd2 Rf3 28. Rg1 Kc8 29. h6 Rxe3 30. Kxe3 Rxh6 31. Rg7 Rh5 32. Ke4 c6 0-1

[Event "Klatovy op-B 29th"]
[Site "Klatovy"]
[Date "2023.07.01"]
[Round "1"]
[White "Fadrny, Dalibor"]
[Black "Martinek, Lukas"]
[Result "0-1"]
[WhiteElo "1125"]
[BlackElo "1524"]
[PlyCount "42"]
[EventDate "2023.07.01"]
[EventType "swiss"]
[EventRounds "9"]
[EventCountry "CZE"]
[SourceTitle "CBM 215 Extra"]
[Source "ChessBase"]
[SourceDate "2023.09.30"]
[SourceVersion "1"]
[SourceVersionDate "2023.09.30"]
[SourceQuality "1"]

1. e4 e5 2. Nf3 Nf6 3. Nc3 Nc6 4. Bc4 Nxe4 5. Nxe4 d5 6. Bxd5 Qxd5 7. d3 Bg4 8. Be3 0-0-0 9. 0-0 Nd4 10. Kh1 f5 11. c4 Qa5 12. Neg5 Nxf3 13. gxf3 Bh5 14. a3 e4 15. Bd2 Qe5 16. b4 f4 17. Nxe4 Rxd3 18. Qa4 Bxf3+ 19. Kg1 Bxe4 20. f3 Rxd2 21. Rae1 Qg5+ 0-1

[Event "Klatovy op-B 24th"]
[Site "Klatovy"]
[Date "2018.07.03"]
[Round "4"]
[White "Martinek, Lukas"]
[Black "Jedlicka, Pavel"]
[Result "0-1"]
[WhiteElo "1215"]
[BlackElo "1485"]
[PlyCount "134"]
[EventDate "2018.06.30"]
[EventType "swiss"]
[EventRounds "9"]
[EventCountry "CZE"]
[SourceTitle "CBM 185 Extra"]
[Source "ChessBase"]
[SourceDate "2018.07.29"]
[SourceVersion "1"]
[SourceVersionDate "2018.07.29"]
[SourceQuality "1"]

1. e4 Nf6 2. e5 Nd5 3. c4 Nb6 4. d4 d6 5. Nc3 Bf5 6. Bd3 e6 7. Nf3 N8d7 8. h3 f6 9. Bf4 dxe5 10. dxe5 Bb4 11. Qb3 Bxc3+ 12. Qxc3 0-0 13. Rd1 Qe7 14. Be2 g5 15. exf6 Qf7 16. Nxg5 Qxf6 17. Qxf6 Rxf6 18. Bxc7 Rg6 19. Nf3 Rc8 20. Bxb6 Nxb6 21. Nh4 Rh6 22. Nxf5 exf5 23. 0-0 Nxc4 24. Bxc4+ Rxc4 25. Rd8+ Kf7 26. Rd7+ Ke8 27. Rxb7 Ra6 28. a3 h5 29. Re1+ Kf8 30. Ree7 Rb6 31. Rf7+ Kg8 32. Rxb6 Kxf7 33. Rb7+ Kf6 34. Rxa7 Rc1+ 35. Kh2 Rc2 36. b4 Rxf2 37. b5 f4 38. Kg1 Rb2 39. a4 Kf5 40. Rf7+ Kg5 41. g4 fxg3 42. Rh7 Rb4 43. a5 Rxb5 44. a6 Kh4 45. Rb7 Ra5 46. a7 Kxh3 47. a8Q Rxa8 48. Rb1 Ra2 49. Rc1 h4 50. Rb1 Rh2 51. Rb4 Rc2 52. Rb1 Rg2+ 53. Kh1 Rf2 54. Kg1 Kg4 55. Rb8 Rc2 56. Rb4+ Kf3 57. Rb3+ Ke2 58. Ra3 Rd2 59. Kg2 Ke1+ 60. Kh3 Rh2+ 61. Kg4 g2 62. Ra1+ Kf2 63. Ra2+ Ke3 64. Ra3+ Kd2 65. Ra2+ Kc3 66. Ra1 h3 67. Rg1 Rh1 0-1